| 000 | 00324nam a2200097Ia 4500 | ||
|---|---|---|---|
| 008 | 160329s9999 xx 000 0 und d | ||
| 245 | _aTour Operators Initiative for Sustainable Tourism | ||
| 500 | _aOrganisation promoting good practice for sustainable tourism. | ||
| 650 | _aTourism. | ||
| 856 | _uhttp://www.toinitiative.org/ | ||
| 999 |
_c293003 _d293003 |
||